Development and testing of a cleaner cum grader for black pepper (Record no. 15079)
[ view plain ]
| 000 -LEADER | |
|---|---|
| fixed length control field | 00818nam a22001817a 4500 |
| 003 - CONTROL NUMBER IDENTIFIER | |
| control field | OSt |
| 088 ## - REPORT NUMBER | |
| Report number | P 79 |
| 100 ## - MAIN ENTRY--AUTHOR NAME | |
| Personal name | JAMES P. GEORGE |
| -- | MUNEER K |
| -- | SHARMILA MATHEW |
| 245 ## - TITLE STATEMENT | |
| Title | Development and testing of a cleaner cum grader for black pepper |
| 260 ## - PUBLICATION, DISTRIBUTION, ETC. (IMPRINT) | |
| Place of publication | Tavanur 1998 |
| Name of publisher | Department of Post Harvest Technology& Agricultural Processing |
| 300 ## - PHYSICAL DESCRIPTION | |
| Number of Pages | 45 |
| 500 ## - GENERAL NOTE | |
| General note | Development and testing of a cleaner cum grader for black pepper |
| 520 ## - SUMMARY, ETC. | |
| Summary, etc | the cleaning and grading operations of black pepper are now concentrated at the wholesalers and the exporters level and are carried out through highly sophisticated vibrators and separators. |
| 700 ## - ADDED ENTRY--PERSONAL NAME | |
| Personal name | Er. Prince M. V (Guide) |
| 856 ## - ELECTRONIC LOCATION AND ACCESS | |
| Uniform Resource Identifier | https://drive.google.com/open?id=1BxSMM4swToex6fqI122bABLiIg_GOUGN |
| 942 ## - ADDED ENTRY ELEMENTS (KOHA) | |
| Koha item type | Project Report |
| Collection code | Home library | Current library | Shelving location | Full call number | Accession Number | Koha item type |
|---|---|---|---|---|---|---|
| Reference | KAUAET | KAUAET | Reference | 631.56 JAM/DE | P 79 | Project Report |
